000 00602nam a2200181Ia 4500
008 090630s9999 xx 000 0 und d
082 _b11454
100 _aपुंडलिक रमेश.
245 _aपापाचे फळ.
_cपुंडलिक रमेश.
260 _bचंद्रमौळी - पुणे.
_c1990
300 _a24
600 _aपुंडलिक रमेश.
630 _aपापाचे फळ.
655 _aबालवाङमय.
700 _aपुंडलिक रमेश.
730 _aपापाचे फळ.
942 _cBOOK
999 _c263310
_d263310